Responses for Show #6451 - Monday, October 8, 2012

Stephanie Jass game 1.

Contestants

[<< previous game]

Clint Stiffler, an attorney from Dallas, Texas

Stephanie Jass, a history professor from Milan, Michigan

Mike Lonesky, a federal investigator from Clinton, New York (whose 1-day cash winnings total $14,401)

[next game >>]

Jeopardy! Round responses

THE 1912 PRESIDENTIAL ELECTION
CINEMANIA
FIRST NAME FILL-IN
RAY BRADBURY
FESTIVALS
THE OED SAYS IT'S...
(Alex: --the Oxford English Dictionary--...and we'll have some cute definitions for you.)
    $200 12
Woodrow Wilson

Triple Stumper
    $200 1
extras

Stephanie
    $200 7
jack

Mike
    $200 17
Fahrenheit 451

Mike
    $200 26
(Clint: What are clams?)

oysters

MikeClint
    $200 6
a propeller

Mike
    $400 13
Taft

Stephanie
    $400 2
(film) noir

Stephanie
    $400 8
fanny

Mike
    $400 18
a car

Triple Stumper
    $400 19
galaxies

Mike
    $1,000 14
throwing his hat in the ring

Stephanie
    $600 3
(Mike: What is splice?)

crosscut

Mike
Triple Stumper
    $600 9
terry

Stephanie
    $600 23
Martian

Clint
    $600 20
rosaries

Mike
    $800 15
the socialists

Stephanie
    $800 4
computer generated imagery

Clint
    $800 10
billy

Stephanie
    $800 24
Moby Dick

Clint
    $800 21
nostalgia

Stephanie
    $1000 16
(Alex: Same word.)

New

Stephanie
    $1000 5
blaxploitation

Clint
    $1000 11
peg

Stephanie
    $1000 25
Something Wicked This Way Comes

Clint
    $1000 27
[The end-of-round signal sounds.]

Truth or Consequences

Mike
    $1000 22
a soulmate

Stephanie

Scores at the first commercial break (after clue 14):

Mike Stephanie Clint
$200 $4,400 $1,800

Scores at the end of the Jeopardy! Round:

Mike Stephanie Clint
$2,600 $8,000 $4,000

Double Jeopardy! Round responses

NEW ENGLAND FOLIAGE
SIBLINGS
AVIATION
BEGINS & ENDS WITH "A"
AROUND THE WORLD
& THE EMMY FOR COMEDY ACTRESS GOES TO...
    $400 11
the (sugar) maple tree

Stephanie
    $400 16
Jackie Onassis

Stephanie
    $400 21
Goodyear

Mike
    $400 6
abracadabra

Mike
    $400 24
loch

Mike
    $400 1
Ugly Betty

Mike
    $800 12
birch

Stephanie
    $800 17
the McDonald brothers

Stephanie
    $800 22
automatic pilot

Triple Stumper
    $800 7
an aria

Stephanie
    $800 25
(Mike: What is Australia?)

New Zealand

MikeStephanie
    $800 2
Valerie Harper

Stephanie
    $1200 13
(Mike: What is Providence?)

Newport

MikeStephanie
    $1,600 18
(Alex: Now you were a little reluctant earlier in the program to make it a True Daily Double, a big wager.)
[Stephanie laughs.]
(Alex: Uh, you can see the score.)
(Stephanie: You are the devil, Alex Trebek!)
[Laughter]

Prince Harry & Pippa Middleton

Stephanie
    $1200 23
(Clint: What is the Enola Gay?)

Memphis Belle

Clint
Triple Stumper
    $1200 8
alpaca

Mike
    $1200 26
Bilbao

Stephanie
    $1200 3
the United States of Tara

Triple Stumper
    $1600 14
the gingko tree

Stephanie
    $1600 19
Parker

Mike
    $1600 9
algebra

Mike
    $2,000 27
(Stephanie: What is Paraguay?)
(Alex: Nope, but you're close; "What is [*]?" You had to go for the largest country that has a lot of neighbors.)
[The end-of-round signal sounds.]

Brazil

Stephanie
    $1600 4
Taxi

Stephanie
    $2000 15
[Applause for Stephanie's run of the category]

elm trees

Stephanie
    $2000 20
(Stephanie: Who is Medea?)

Antigone

Stephanie
Triple Stumper
    $2000 10
Althea

Stephanie
    $2000 5
Everybody Loves Raymond

Stephanie

Scores at the end of the Double Jeopardy! Round:

Mike Stephanie Clint
$6,600 $22,000 $2,800
(lock game)

[wagering suggestions for these scores]

Final Jeopardy! Round responses

WAR NOVEL & MOVIE TITLES
(Alex: [To Clint] [*]--referring to the Battle of Balaclava.)
...
(Alex: [To Mike] Which was just the opposite; this was British cavalry against entrenched Russian artillery.)
ClintWhat is The Thin Red Line
$2,800
MikeWhat Charge of the light Brigade
$399
StephanieWhat is the Charge of the Light Brigade
$5,000
The Thin Red Line

Final scores:

Mike Stephanie Clint
$6,201 $17,000 $5,600
2nd place: $2,000 New champion: $17,000 3rd place: $1,000

Game dynamics:

Coryat scores:

Mike Stephanie Clint
$6,600 $23,200 $2,800
15 R,
3 W
26 R
(including 2 DDs),
2 W
(including 1 DD)
5 R,
2 W

Combined Coryat: $32,600

[game clues] [game scores] [suggest correction]

Game tape date: 2012-08-01
The J! Archive is created by fans, for fans. Scraping, republication, monetization, and malicious use prohibited; this site may use cookies and collect identifying information. See terms. The Jeopardy! game show and all elements thereof, including but not limited to copyright and trademark thereto, are the property of Jeopardy Productions, Inc. and are protected under law. This website is not affiliated with, sponsored by, or operated by Jeopardy Productions, Inc. Join the discussion at JBoard.tv.